|
|
|
|
| LEADER |
00000nam0a2200000 4500 |
| 001 |
290103 |
| 005 |
20231102000243.0 |
| 035 |
|
|
|a (RuTPU)RU\TPU\book\314633
|
| 090 |
|
|
|a 290103
|
| 100 |
|
|
|a 20150403d1971 k y0rusy50 ca
|
| 101 |
0 |
|
|a rus
|
| 102 |
|
|
|a UA
|
| 105 |
|
|
|a a g 001zy
|
| 200 |
1 |
|
|a Вибропоглощающие свойства конструкционных материалов
|e справочник
|f Г. С. Писаренко, А. П. Яковлев, В. В. Матвеев
|
| 210 |
|
|
|a Киев
|c Наукова думка
|d 1971
|
| 215 |
|
|
|a 375 с.
|c ил.
|
| 320 |
|
|
|a Библиогр.: с. 369-372.
|
| 606 |
1 |
|
|a Машины
|x Испытание на вибрацию
|2 stltpush
|3 (RuTPU)RU\TPU\subj\41701
|9 61487
|
| 610 |
1 |
|
|a конструкционные материалы
|
| 610 |
1 |
|
|a вибропоглощающие материалы
|
| 610 |
1 |
|
|a вибропоглощающие свойства
|
| 610 |
1 |
|
|a демпфирующие свойства
|
| 610 |
1 |
|
|a справочники
|
| 675 |
|
|
|a 620.178.5(035)
|v 3
|
| 700 |
|
1 |
|a Писаренко
|b Г. С.
|g Георгий Степанович
|
| 701 |
|
1 |
|a Яковлев
|b А. П.
|g Анатолий Петрович
|
| 701 |
|
1 |
|a Матвеев
|b В. В.
|g Валентин Владимирович
|
| 801 |
|
1 |
|a RU
|b 63413507
|c 20150403
|
| 801 |
|
2 |
|a RU
|b 63413507
|c 20150414
|g RCR
|
| 942 |
|
|
|c BK
|